Doing business 2007 : (Record no. 12167)

000 -LEADER
fixed length control field 00824cam a2200289Ia 4500
020 ## - INTERNATIONAL STANDARD BOOK NUMBER
ISBN 082136488X
040 ## - CATALOGING SOURCE
Transcribing agency BCN
082 ## - DEWEY DECIMAL CLASSIFICATION NUMBER
Classification number 338 WOR 2006 A019 Or.
245 00 - TITLE STATEMENT
Title Doing business 2007 :
Remainder of title how to reform.
246 30 - VARYING FORM OF TITLE
Title proper/short title How to reform
246 33 - VARYING FORM OF TITLE
Title proper/short title Comparing regulation in 175 economies
246 33 - VARYING FORM OF TITLE
Title proper/short title Doing business in 2007
260 ## - PUBLICATION, DISTRIBUTION, ETC. (IMPRINT)
Place of publication Washington, D.C. :
Name of publisher World Bank,
Year of publication c2006.
300 ## - PHYSICAL DESCRIPTION
Number of Pages 185 p. :
Other physical details ill. ;
Dimensions 27 cm.
650 #0 - SUBJECT ADDED ENTRY--TOPICAL TERM
Topical Term Trade regulation.
650 #0 - SUBJECT ADDED ENTRY--TOPICAL TERM
Topical Term Commercial law.
650 #0 - SUBJECT ADDED ENTRY--TOPICAL TERM
Topical Term Trade regulation.
650 #0 - SUBJECT ADDED ENTRY--TOPICAL TERM
Topical Term Industrial management.
650 #0 - SUBJECT ADDED ENTRY--TOPICAL TERM
Topical Term Business enterprises
650 #0 - SUBJECT ADDED ENTRY--TOPICAL TERM
Topical Term Delegated legislation
700 1# - ADDED ENTRY--PERSONAL NAME
Personal name Djankov, Simeon.
700 1# - ADDED ENTRY--PERSONAL NAME
Personal name McLiesh, Caralee.
700 1# - ADDED ENTRY--PERSONAL NAME
Personal name Klein, Michael
710 2# - ADDED ENTRY--CORPORATE NAME
Corporate name or jurisdiction name as entry element World Bank.
710 2# - ADDED ENTRY--CORPORATE NAME
Corporate name or jurisdiction name as entry element International Finance Corporation.
942 ## - ADDED ENTRY ELEMENTS (KOHA)
Koha item type សៀវភៅភាសាអង់គ្លេស
952 ## - LOCATION AND ITEM INFORMATION (KOHA)
Withdrawn status [LOCAL, KOHA] 0
Holdings
Permanent Location Date acquired Koha item type Lost status Shelving location Barcode Current Location Full call number
Library Block A2017-08-10សៀវភៅភាសាអង់គ្លេស A073A06427Library Block A338 WOR 2006 A073 Or.
មជ្ឈមណ្ឌលឯការនៃសាកលវិទ្យាល័យភូមិន្ទកសិកម្មចំការដូង

Powered by Koha